000 00765cac a2200217 a 4500
003 Co-PeBPM
005 20251216115535.0
008 231129e1969||||ck a||||||||||||| ||spa||
040 0 _aCo-PeBPM
_bspa
_cCo-PeBPM
_erda
041 _aspa
082 0 4 _a572.98616 T693m
_222
100 1 _aTorres Laborde, Alfonso
_eautor
245 1 0 _aMito y cultura entre los Barasana
_b: Un grupo indigena Tukano del Vaupes
_c/ Alfonso Torres Laborde
260 _aBogotá, Colombia
_b: Universidad de los Andes
_c, 1969
300 _a182 páginas
_b: Ilustraciones a blanco y negro
_c; 23, 5 centímetros
500 _aIncluye índice.
650 1 4 _aBarasanas
_2LEMB
650 1 4 _aMitología indígena
_2LEMB
651 1 4 _aIndígenas del Vaupés (Colombia)
_2LEMB
942 _2ddc
_cBK
999 _c21294
_d21294